书目信息 |
| 题名: |
亚超音速常位流的面元法
|
|
| 作者: | 徐华舫 著 | |
| 分册: | ||
| 出版信息: | 北京 国防工业出版社 1981.2 |
|
| 页数: | 496页 | |
| 开本: | 20cm | |
| 丛书名: | ||
| 单 册: | ||
| 中图分类: | V211 | |
| 科图分类: | ||
| 主题词: | 航空--理论 , 航空--试验 | |
| 电子资源: | ||
| ISBN: | ||
| 000 | 00573nam0 2200205 45 | |
| 001 | 0312221749 | |
| 005 | 20031222170902.9 | |
| 010 | @dCNY1.15 | |
| 100 | @a20031222d1981 km y0chiy0120 ea | |
| 101 | @achi | |
| 105 | @a z 000yy | |
| 200 | 1 | @a亚超音速常位流的面元法@AYa Chao Yin Su Chang Wei Liu De Mian Yuan Fa@f徐华舫著@FXu Hua Fang Zhu |
| 210 | @a北京@c国防工业出版社@d1981.2 | |
| 215 | @a496页@d20cm | |
| 606 | 0 | @a航空@x理论 |
| 606 | 0 | @a航空@x试验 |
| 690 | @aV211@v3 | |
| 701 | 0 | @a徐华舫@4著 |
| 801 | @aCN@bTSTCL@c20031222 | |
| 905 | @a213230@dV211@e2@b73408@f1 | |
| 亚超音速常位流的面元法/徐华舫著.-北京:国防工业出版社,1981.2 |
| 496页;20cm |
| ISBN :CNY1.15 |
| ● |
| 相关链接 |
|
|
|
|
正题名:亚超音速常位流的面元法
索取号:V211/2
 
预约/预借
| 序号 | 登录号 | 条形码 | 馆藏地/架位号 | 状态 | 备注 |
| 1 | 0073408 | 001486895 | 第二样本阅览室/ [索取号:V211/2] | 在馆 |